[Event "4NCL/Div2/BIG2-POI"]
[Site "Rd11-Birmingham"]
[Date "2000.05.01"]
[Round "11.2"]
[White "Shaw, John"]
[Black "Lo, Billy"]
[Result "1-0"]
[WhiteElo "2392"]
[BlackElo "2260"]
[PlyCount "49"]
[EventDate "2000.05.01"]

1. e4 c5 2. Nf3 d6 3. Bb5+ Bd7 4. Bxd7+ Qxd7 5. O-O Nc6 6. b3 Nf6 7. Re1 g6 8.
c3 Bg7 9. d4 cxd4 10. cxd4 O-O 11. Nc3 Rac8 12. Bb2 e6 13. Qd2 Rfd8 14. Rad1
Qc7 15. d5 exd5 16. Nxd5 Nxd5 17. Bxg7 Kxg7 18. exd5 Ne7 19. Rc1 Qd7 20. Rxc8
Nxc8 21. Ng5 Re8 22. Qc3+ Kh6 23. Rxe8 Qxe8 24. f4 Qd7 25. Qf6 1-0

[Event "4NCL/Div2/BIG2-POI"]
[Site "Rd11-Birmingham"]
[Date "2000.05.01"]
[Round "11.3"]
[White "Hadzimanolis, Antonios"]
[Black "Swanson, Stephen"]
[Result "1-0"]
[WhiteElo "2224"]
[BlackElo "2283"]
[PlyCount "99"]
[EventDate "2000.05.01"]

1. e4 e5 2. Nf3 Nc6 3. Bb5 a6 4. Ba4 d6 5. O-O Bd7 6. c3 g6 7. d4 Bg7 8. Bg5
Nge7 9. dxe5 dxe5 10. Nbd2 h6 11. Be3 b6 12. Ne1 O-O 13. f3 Be6 14. Qe2 Qc8 15.
Nc2 Qb7 16. Bb3 Nd8 17. Rad1 a5 18. a4 Qc6 19. Qb5 Qxb5 20. axb5 Re8 21. Rf2
Nc8 22. Bxe6 Nxe6 23. Nc4 f6 24. f4 exf4 25. Bxf4 Ne7 26. Bg3 Rac8 27. Rd7 Nc5
28. Rxc7 Nxe4 29. Re2 Nxg3 30. Rexe7 Nf5 31. Rxe8+ Rxe8 32. Nxb6 Rb8 33. Rc8+
Rxc8 34. Nxc8 Bf8 35. Kf2 Kf7 36. g4 Nd6 37. Nxd6+ Bxd6 38. h3 Ke6 39. Ne3 a4
40. Kf3 Bc5 41. Ke4 Ba7 42. Nc4 f5+ 43. gxf5+ gxf5+ 44. Kd3 h5 45. b6 Bb8 46.
Kd4 Kd7 47. Kd5 f4 48. Nd2 Bd6 49. Nf3 Bf8 50. Ne5+ 1-0

[Event "4NCL/Div2/BIG2-POI"]
[Site "Rd11-Birmingham"]
[Date "2000.05.01"]
[Round "11.4"]
[White "Rosen, Daniel"]
[Black "Barnes, Michael"]
[Result "1-0"]
[WhiteElo "2239"]
[BlackElo "2245"]
[PlyCount "67"]
[EventDate "2000.05.01"]

1. e4 c5 2. f4 g6 3. Nf3 Bg7 4. Nc3 Nc6 5. Bb5 Nd4 6. a4 a6 7. Be2 b6 8. O-O
Bb7 9. d3 e6 10. Be3 Ne7 11. Qd2 f5 12. e5 Nxe2+ 13. Qxe2 Qc7 14. Nd2 O-O 15.
Nc4 g5 16. Nd6 Bc6 17. g3 g4 18. a5 bxa5 19. Qf2 Rfb8 20. Bxc5 Nc8 21. Nc4 a4
22. Nxa4 Bf8 23. Bxf8 Kxf8 24. b3 Qa7 25. Nc5 Bb5 26. Nd6 Nxd6 27. exd6 Qb6 28.
Qd4 Kf7 29. Rfe1 a5 30. Re5 Bc6 31. Rae1 Kg6 32. Rxe6+ dxe6 33. Rxe6+ Kf7 34.
Re7+ 1-0

[Event "4NCL/Div2/BIG2-POI"]
[Site "Rd11-Birmingham"]
[Date "2000.05.01"]
[Round "11.5"]
[White "Evans, Raymond"]
[Black "Moore, Gerald"]
[Result "1/2-1/2"]
[WhiteElo "2176"]
[BlackElo "2202"]
[PlyCount "87"]
[EventDate "2000.05.01"]

1. e4 d5 2. exd5 Qxd5 3. Nc3 Qa5 4. d4 c6 5. Nf3 Nf6 6. Bc4 Bf5 7. Bd2 e6 8.
Qe2 Bb4 9. O-O-O Nbd7 10. Kb1 Nb6 11. Bb3 Bxc3 12. Bxc3 Qb5 13. Qxb5 cxb5 14.
d5 Nbxd5 15. Bxf6 Nxf6 16. Nd4 O-O 17. Nxb5 Ne4 18. Rd7 Nc5 19. Rd6 Nxb3 20.
axb3 Rfc8 21. Nc3 Kf8 22. Rhd1 Rc7 23. f3 Rac8 24. b4 Rc6 25. Rd7 R8c7 26. b5
Rc5 27. Rd8+ Ke7 28. Ra8 b6 29. g4 Bg6 30. Rdd8 Re5 31. Kc1 h6 32. Kd2 f5 33.
Rd4 fxg4 34. fxg4 h5 35. h3 hxg4 36. hxg4 Kf6 37. Rf8+ Kg5 38. Rf3 Rec5 39. Re3
e5 40. Ra4 e4 41. Rexe4 Rxc3 42. bxc3 Bxe4 43. Rxe4 Kh4 44. c4 1/2-1/2

[Event "4NCL/Div2/BIG2-POI"]
[Site "Rd11-Birmingham"]
[Date "2000.05.01"]
[Round "11.6"]
[White "Walker, Martin"]
[Black "Thomas, Nick"]
[Result "0-1"]
[WhiteElo "2112"]
[BlackElo "2215"]
[PlyCount "100"]
[EventDate "2000.05.01"]

1. e4 e6 2. d4 d5 3. Nd2 Be7 4. Bd3 Nc6 5. c3 dxe4 6. Nxe4 e5 7. dxe5 Nxe5 8.
Bb5+ c6 9. Qxd8+ Bxd8 10. Be2 Bc7 11. Be3 Bf5 12. Ng3 Nd3+ 13. Bxd3 Bxd3 14.
Nf3 O-O-O 15. O-O-O Ne7 16. Rhe1 Ng6 17. Ne2 Be4 18. Rd4 Bxf3 19. gxf3 Rxd4 20.
Bxd4 Bxh2 21. Bxg7 Rg8 22. Bd4 Re8 23. Bxa7 Nf4 24. Kd2 Nxe2 25. Rxe2 Rxe2+ 26.
Kxe2 Kd7 27. Be3 Be5 28. Bg5 Ke6 29. Ke3 Kf5 30. Bh4 h5 31. Bg3 Bf6 32. Ke2 h4
33. Bc7 Be5 34. Bb6 h3 35. Kf1 Kf4 36. Be3+ Kxf3 37. Kg1 Ke4 38. a4 f5 39. a5
f4 40. Bb6 f3 41. c4 Kd3 42. b3 Kc3 43. Kh1 Kxb3 44. c5 Kc4 45. Kg1 h2+ 46. Kh1
Bg3 47. a6 bxa6 48. Bc7 Bxf2 49. Bg3 Bxc5 50. Bd6 f2 0-1

[Event "4NCL/Div2/BIG2-POI"]
[Site "Rd11-Birmingham"]
[Date "2000.05.01"]
[Round "11.7"]
[White "Baruch, Andrew"]
[Black "Ledger, Stephen"]
[Result "1/2-1/2"]
[WhiteElo "2016"]
[BlackElo "2179"]
[PlyCount "32"]
[EventDate "2000.05.01"]

1. c4 e5 2. g3 Nc6 3. Bg2 g6 4. Nc3 Bg7 5. e4 d6 6. Nge2 Be6 7. Nd5 Qd7 8. d3
Nd8 9. f4 c6 10. Ne3 Ne7 11. O-O O-O 12. d4 f5 13. fxe5 dxe5 14. d5 cxd5 15.
cxd5 Bf7 16. Bd2 fxe4 1/2-1/2

[Event "4NCL/Div2/BIG2-POI"]
[Site "Rd11-Birmingham"]
[Date "2000.05.01"]
[Round "11.8"]
[White "Turvey, Syringa"]
[Black "Howard, Marieanne"]
[Result "0-1"]
[WhiteElo "1680"]
[BlackElo "1536"]
[PlyCount "118"]
[EventDate "2000.05.01"]

1. e4 e6 2. d4 d5 3. Nc3 Bb4 4. e5 c5 5. a3 Bxc3+ 6. bxc3 c4 7. Qg4 g6 8. h4 h5
9. Qg3 Ne7 10. Bg5 Nbc6 11. Bf6 Rg8 12. Nf3 Qa5 13. Nd2 b5 14. Bxe7 Kxe7 15.
Qg5+ Ke8 16. Rh3 b4 17. cxb4 Nxb4 18. Rc3 Nd3+ 19. Rxd3 cxd3 20. Bxd3 a6 21.
Qe3 Bd7 22. Ke2 Bb5 23. Nb3 Bxd3+ 24. Qxd3 Qb5 25. a4 Qxd3+ 26. Kxd3 Ke7 27.
Na5 Kd7 28. Rb1 Rab8 29. Rb3 Rxb3+ 30. cxb3 g5 31. hxg5 Rxg5 32. g3 Rf5 33. Ke3
f6 34. f4 fxe5 35. dxe5 Kc7 36. b4 Rf7 37. Nb3 Kb6 38. Nd4 Re7 39. a5+ Kb7 40.
Kf3 Re8 41. Ke3 Kc7 42. Kd3 Kd7 43. Kd2 Rc8 44. Kd3 Rc4 45. Nc2 h4 46. gxh4
Rxf4 47. Nd4 Rxh4 48. b5 axb5 49. Nxb5 Ra4 50. Nd6 Rxa5 51. Kd4 Kc6 52. Nf7
Ra4+ 53. Kc3 d4+ 54. Kb3 d3 55. Ng5 Kd5 56. Nf3 Rc4 57. Nd2 Rc2 58. Nf1 Kxe5
59. Ne3 Rc8 0-1

[Event "4NCL/Div2/GUI2-GWD"]
[Site "Rd11-Birmingham"]
[Date "2000.05.01"]
[Round "11.1"]
[White "Thompson, Ian"]
[Black "Evans-Quek, S."]
[Result "1/2-1/2"]
[WhiteElo "2249"]
[BlackElo "2285"]
[PlyCount "43"]
[EventDate "2000.05.01"]

1. c4 Nf6 2. g3 d5 3. cxd5 Nxd5 4. Bg2 e5 5. Nf3 Nc6 6. O-O Be7 7. d4 exd4 8.
Nxd4 Nxd4 9. Qxd4 Nf6 10. Qa4+ Qd7 11. Qb3 c6 12. Nc3 O-O 13. e4 Qe6 14. Qc2 b6
15. h3 Bb7 16. f4 Bc5+ 17. Kh2 Rad8 18. e5 Nd5 19. Nxd5 cxd5 20. Re1 Qc8 21.
Qe2 Rfe8 22. Bd2 1/2-1/2

[Event "4NCL/Div2/GUI2-GWD"]
[Site "Rd11-Birmingham"]
[Date "2000.05.01"]
[Round "11.2"]
[White "Varley, Peter"]
[Black "Anderton, Matthew"]
[Result "0-1"]
[WhiteElo "2240"]
[BlackElo "2216"]
[PlyCount "84"]
[EventDate "2000.05.01"]

1. e4 e6 2. d4 d5 3. Nc3 Bb4 4. e5 c5 5. a3 Bxc3+ 6. bxc3 Ne7 7. Qg4 Qc7 8.
Qxg7 Rg8 9. Qxh7 cxd4 10. Ne2 Nbc6 11. f4 Bd7 12. Qd3 dxc3 13. Rb1 O-O-O 14.
Nxc3 Na5 15. Nb5 Bxb5 16. Rxb5 Kb8 17. Be3 Nc4 18. Bf2 Nc6 19. Rg1 Qe7 20. Be2
Rc8 21. Kd1 a6 22. Rb3 N6a5 23. Qd4 Nc6 24. Qc3 Rgd8 25. Ke1 N6a5 26. Qd4 Nc6
27. Qc3 N6a5 28. Qd4 Rc6 29. Bxc4 dxc4 30. Qa7+ Kc8 31. Rb1 Qxa3 32. Bd4 Qa2
33. Rd1 Rd5 34. Qa8+ Kc7 35. Ba7 Qxc2 36. Qb8+ Kd7 37. Rxd5+ exd5 38. Qf8 Qe4+
39. Kd1 Qxf4 40. Bc5 Re6 41. g3 Qxe5 42. Qxf7+ Kc6 0-1

[Event "4NCL/Div2/GUI2-GWD"]
[Site "Rd11-Birmingham"]
[Date "2000.05.01"]
[Round "11.3"]
[White "Sharp, Peter"]
[Black "Walden-Jones, Andrew"]
[Result "1-0"]
[WhiteElo "2114"]
[BlackElo "2135"]
[PlyCount "120"]
[EventDate "2000.05.01"]

1. d4 Nf6 2. c4 e6 3. g3 d5 4. Nf3 c6 5. Bg2 dxc4 6. Ne5 Bb4+ 7. Nc3 Nd5 8. Bd2
Bxc3 9. bxc3 b5 10. e4 Nb6 11. Qg4 Kf8 12. O-O f6 13. f4 Qe8 14. Qh4 fxe5 15.
fxe5+ Kg8 16. Rf2 N8d7 17. Raf1 Ba6 18. Bh3 h5 19. Bg5 Qg6 20. Be7 Re8 21. Ba3
Bc8 22. Kh1 Na4 23. Rf3 c5 24. Qf4 Nxc3 25. dxc5 Nxe4 26. c6 Ng5 27. cxd7 Bxd7
28. Bg2 Bc6 29. R3f2 Bxg2+ 30. Kxg2 h4 31. Qg4 hxg3 32. hxg3 Qh6 33. Rf8+ Rxf8
34. Rxf8+ Kh7 35. Rxh8+ Kxh8 36. Bc1 Qg6 37. Bxg5 Qc2+ 38. Kh3 Qxa2 39. Qxe6
Qe2 40. Qe8+ Kh7 41. Qxb5 Qh5+ 42. Bh4 Qf5+ 43. Kg2 c3 44. Qc5 c2 45. Be7 Qe4+
46. Kf2 Kh6 47. e6 Qxe6 48. Bg5+ Kg6 49. Bc1 Qf5+ 50. Qxf5+ Kxf5 51. Kf3 Ke5
52. Bb2+ Kd5 53. Ke3 Kc4 54. Kd2 g5 55. Kxc2 g4 56. Kd2 a5 57. Ke3 a4 58. Kf4
Kb3 59. Bf6 a3 60. Kxg4 a2 1-0

[Event "4NCL/Div2/GUI2-GWD"]
[Site "Rd11-Birmingham"]
[Date "2000.05.01"]
[Round "11.4"]
[White "Gilbert, Jonathan"]
[Black "Norman, Ken"]
[Result "1/2-1/2"]
[WhiteElo "2085"]
[BlackElo "2180"]
[PlyCount "22"]
[EventDate "2000.05.01"]

1. e4 e5 2. Nc3 Nf6 3. f4 d5 4. fxe5 Nxe4 5. Nf3 Be7 6. Be2 O-O 7. O-O Nc6 8.
d3 Nc5 9. Qe1 Ne6 10. Qg3 Kh8 11. Kh1 Ncd4 1/2-1/2

[Event "4NCL/Div2/GUI2-GWD"]
[Site "Rd11-Birmingham"]
[Date "2000.05.01"]
[Round "11.6"]
[White "Evans-Quek, Debbie"]
[Black "Coates, Ken"]
[Result "0-1"]
[WhiteElo "2000"]
[BlackElo "2064"]
[PlyCount "128"]
[EventDate "2000.05.01"]

1. e4 e5 2. Nf3 Nc6 3. Bb5 f5 4. d3 fxe4 5. dxe4 Nf6 6. O-O d6 7. Nbd2 Be7 8.
c3 Bg4 9. b4 Qd7 10. Qc2 O-O 11. Ng5 h6 12. Bc4+ Kh8 13. Ngf3 Nh5 14. Ne1 Bg5
15. Nb3 Bxc1 16. Nxc1 Rf6 17. Ne2 Raf8 18. f3 Be6 19. Qd3 Nd8 20. Rd1 g5 21.
Nc2 Nf4 22. Nxf4 gxf4 23. Rd2 Qg7 24. a4 Rg6 25. Bxe6 Nxe6 26. Qd5 Rg8 27. Ne1
b6 28. a5 h5 29. Rff2 Ng5 30. Kf1 h4 31. a6 h3 32. gxh3 Nxh3 33. Rg2 Ng5 34.
Ke2 Qh7 35. Qd3 Qh5 36. Kf1 Qh3 37. Rdf2 Ne6 38. Qe2 Kg7 39. Kg1 Kf6 40. Qf1
Ng5 41. Kh1 Qh4 42. Rg4 Nh3 43. Rxg6+ Rxg6 44. Rg2 Rxg2 45. Nxg2 Qf2 46. Qd1 b5
47. Qe1 Qxe1+ 48. Nxe1 Nf2+ 49. Kg2 Nd1 50. Kh3 Nxc3 51. Kg4 c5 52. h4 cxb4 53.
Nd3 b3 54. Kh5 Na4 55. Kh6 b2 56. Nxb2 Nxb2 57. h5 Nc4 58. Kh7 Kf7 59. h6 b4
60. Kh8 b3 61. h7 d5 62. exd5 e4 63. d6 Ne5 64. fxe4 Ng6# 0-1

[Event "4NCL/Div2/GUI2-GWD"]
[Site "Rd11-Birmingham"]
[Date "2000.05.01"]
[Round "11.7"]
[White "Singleton, Michael"]
[Black "Blackburn, Jonathan"]
[Result "1-0"]
[WhiteElo "2008"]
[BlackElo "1981"]
[PlyCount "35"]
[EventDate "2000.05.01"]

1. d4 e6 2. c4 Nf6 3. Nc3 Bb4 4. e3 Ne4 5. Qc2 f5 6. Bd3 Nxc3 7. bxc3 Be7 8.
Nf3 O-O 9. O-O b6 10. e4 Bb7 11. d5 Kh8 12. Re1 Na6 13. exf5 Nc5 14. f6 Bxf6
15. Bxh7 d6 16. Bg6 exd5 17. Qf5 Bg5 18. Qh3+ 1-0

[Event "4NCL/Div2/GUI2-GWD"]
[Site "Rd11-Birmingham"]
[Date "2000.05.01"]
[Round "11.8"]
[White "Brown, Alan M"]
[Black "Norman, Dinah"]
[Result "1/2-1/2"]
[WhiteElo "1952"]
[BlackElo "2053"]
[PlyCount "34"]
[EventDate "2000.05.01"]

1. d4 d5 2. c4 c6 3. Nf3 Nf6 4. cxd5 cxd5 5. Nc3 Nc6 6. Bf4 e6 7. e3 a6 8. Bd3
Bd7 9. O-O Be7 10. Rc1 O-O 11. Nd2 Rc8 12. Bb1 Na5 13. Nb3 Nxb3 14. Qxb3 b5 15.
a3 Qa5 16. Bg5 Rfe8 17. Qa2 b4 1/2-1/2

[Event "4NCL/Div2/NID-IIT2"]
[Site "Rd11-Birmingham"]
[Date "2000.05.01"]
[Round "11.1"]
[White "Williams, Leighton"]
[Black "Cooper, Andrew G"]
[Result "1-0"]
[WhiteElo "2300"]
[BlackElo "2151"]
[PlyCount "57"]
[EventDate "2000.05.01"]

1. d4 Nf6 2. c4 e6 3. Nc3 Bb4 4. Qc2 O-O 5. e4 d5 6. e5 Ne4 7. Bd3 f5 8. Nge2
b6 9. f3 Nxc3 10. bxc3 Be7 11. cxd5 exd5 12. Bd2 c5 13. c4 cxd4 14. cxd5 Bc5
15. Qb3 Kh8 16. Rc1 Re8 17. f4 Na6 18. O-O Bb7 19. d6 g5 20. Qf7 Be4 21. Bxa6
Rf8 22. Qc4 d3+ 23. Nd4 gxf4 24. Bxf4 Rg8 25. Rf2 Rg4 26. g3 Qg8 27. Qxg8+
Raxg8 28. Rxc5 bxc5 29. Nb3 1-0

[Event "4NCL/Div2/NID-IIT2"]
[Site "Rd11-Birmingham"]
[Date "2000.05.01"]
[Round "11.2"]
[White "Alfred, Nathan"]
[Black "Fish, Andrew"]
[Result "1-0"]
[WhiteElo "2200"]
[BlackElo "2116"]
[PlyCount "85"]
[EventDate "2000.05.01"]

1. e4 e6 2. d3 d5 3. Nd2 Nf6 4. Ngf3 c5 5. g3 Nc6 6. Bg2 Be7 7. O-O O-O 8. Re1
b5 9. e5 Nd7 10. h4 f6 11. exf6 Nxf6 12. c4 Rb8 13. Ng5 Nd4 14. Ndf3 dxc4 15.
dxc4 bxc4 16. Ne5 Bb7 17. Bh3 Bd5 18. Be3 Qb6 19. Rc1 Qxb2 20. Nxc4 Qxa2 21.
Bxd4 cxd4 22. Bxe6+ Bxe6 23. Nxe6 Rfe8 24. Qxd4 Bb4 25. Re5 Rbc8 26. Nxg7 Kxg7
27. Rg5+ Kf7 28. Ne5+ Rxe5 29. Rxc8 Re1+ 30. Kg2 Be7 31. Rc7 Qa6 32. Qc4+ Qxc4
33. Rxc4 Ra1 34. Rc7 a5 35. Re5 Ng8 36. g4 a4 37. g5 a3 38. Ra7 Kf8 39. h5 Bd6
40. Rf5+ Ke8 41. Ra8+ Kd7 42. Rxg8 Kc6 43. Ra8 1-0

[Event "4NCL/Div2/NID-IIT2"]
[Site "Rd11-Birmingham"]
[Date "2000.05.01"]
[Round "11.3"]
[White "Johnston, Dafydd"]
[Black "Howell, Chris"]
[Result "1-0"]
[WhiteElo "2170"]
[BlackElo "2160"]
[PlyCount "115"]
[EventDate "2000.05.01"]

1. e4 c5 2. Nf3 Nc6 3. Bb5 g6 4. O-O Bg7 5. Nc3 Nd4 6. d3 Nxb5 7. Nxb5 a6 8.
Nc3 b5 9. Bg5 Bb7 10. Re1 d6 11. d4 cxd4 12. Nd5 h6 13. Bh4 g5 14. Bg3 e5 15.
h4 g4 16. Nh2 h5 17. a4 f5 18. Qd3 bxa4 19. Bf4 exf4 20. exf5+ Be5 21. Nxf4 Qf6
22. Ng6 Rh7 23. f4 gxf3 24. Nxf3 Bxf3 25. Qxf3 Rc8 26. Rxa4 Ne7 27. Nxe7 Rxe7
28. Qxh5+ Kd7 29. Rxa6 Bh2+ 30. Kf1 Rf7 31. Qf3 Qxf5 32. Ra7+ Rc7 33. Rxc7+
Kxc7 34. Re7+ Rxe7 35. Qxf5 Bg3 36. Qa5+ Kd7 37. Qb5+ Kd8 38. Qb6+ Kc8 39. Qc6+
Kd8 40. Qb6+ Ke8 41. Qc6+ Kd8 42. Qa8+ Kd7 43. Qa4+ Kc8 44. Qb4 Bxh4 45. g4
Rf7+ 46. Ke2 Rf2+ 47. Kd3 Rf3+ 48. Kc4 Bg3 49. g5 Be5 50. Kd5 Rf7 51. Qa4 Rg7
52. Qe8+ Kb7 53. g6 Kc7 54. b4 Kb7 55. Qb5+ Kc7 56. Qa5+ Kb7 57. b5 Rc7 58. b6
1-0

[Event "4NCL/Div2/NID-IIT2"]
[Site "Rd11-Birmingham"]
[Date "2000.05.01"]
[Round "11.4"]
[White "Hennigan, Rita"]
[Black "Gandy, Andrew"]
[Result "1/2-1/2"]
[WhiteElo "2176"]
[BlackElo "2085"]
[PlyCount "49"]
[EventDate "2000.05.01"]

1. d4 Nf6 2. Nf3 c5 3. e3 g6 4. Be2 Bg7 5. O-O b6 6. b3 Bb7 7. Bb2 O-O 8. c4
cxd4 9. exd4 d5 10. Nc3 dxc4 11. bxc4 Nbd7 12. Rc1 Rc8 13. Qb3 Qc7 14. h3 Rfe8
15. Rfd1 Qb8 16. Na4 Nh5 17. c5 Nf4 18. Bc4 e6 19. Bb5 Bd5 20. Qe3 Bc6 21. Bxc6
Rxc6 22. Ne5 Nxe5 23. Qxf4 Nd7 24. Qf3 Rec8 25. cxb6 1/2-1/2

[Event "4NCL/Div2/NID-IIT2"]
[Site "Rd11-Birmingham"]
[Date "2000.05.01"]
[Round "11.5"]
[White "Jones, Richard S"]
[Black "Lock, Gavin"]
[Result "1-0"]
[WhiteElo "2076"]
[BlackElo "2103"]
[PlyCount "60"]
[EventDate "2000.05.01"]

1. e4 e6 2. d4 d5 3. Nd2 Nf6 4. e5 Nfd7 5. Bd3 c5 6. c3 Nc6 7. Ne2 cxd4 8. cxd4
f6 9. exf6 Qxf6 10. Nf3 h6 11. O-O Bd6 12. Be3 O-O 13. Qb3 Qf7 14. Nc3 Qh5 15.
Rfe1 Rxf3 16. gxf3 Nde5 17. dxe5 Nxe5 18. Be2 Ng4 19. Bd1 Qh3 20. f4 d4 21.
Bxd4 Bxf4 22. Bxg4 Qxg4+ 23. Kf1 b6 24. Nb5 Ba6 25. a4 Re8 26. h3 Qf5 27. Qf3
e5 28. Bc3 Re7 29. Rad1 e4 30. Qg4 Qc5 1-0

[Event "4NCL/Div2/NID-IIT2"]
[Site "Rd11-Birmingham"]
[Date "2000.05.01"]
[Round "11.6"]
[White "Stille, Alex"]
[Black "Tabatabai, John"]
[Result "1/2-1/2"]
[WhiteElo "1768"]
[BlackElo "1865"]
[PlyCount "107"]
[EventDate "2000.05.01"]

1. e4 c5 2. c3 d5 3. exd5 Qxd5 4. d4 Nc6 5. Nf3 cxd4 6. cxd4 e5 7. Nc3 Bb4 8.
Bd2 Bxc3 9. Bxc3 e4 10. Ne5 Nxe5 11. dxe5 Ne7 12. b3 O-O 13. Bc4 Qc6 14. Rc1
Qg6 15. g3 Bg4 16. Be2 Rfd8 17. Qc2 Bh3 18. Bf1 Bxf1 19. Kxf1 Qf5 20. Qe2 Qh3+
21. Kg1 Nd5 22. Ba1 Rac8 23. Re1 Nc3 24. Bxc3 Rxc3 25. Qxe4 Rd2 26. Qxb7 Rxa2
27. Qb8+ Rc8 28. Qb7 Rd8 29. Qe7 Rc8 30. Rd1 Rd2 31. Re1 a5 32. Qa7 Ra2 33. Qb7
Rcc2 34. Qb8+ Rc8 35. Qb7 Qh5 36. Qb6 Qh3 37. Qb7 Qf5 38. Qb6 h5 39. Kg2 h4 40.
gxh4 Rcc2 41. Rhf1 Qg4+ 42. Kh1 Qf3+ 43. Kg1 Rc6 44. Qd8+ Kh7 45. h5 Qg4+ 46.
Kh1 Qf3+ 47. Kg1 Rcc2 48. Qh4 Re2 49. Qg3 Qd5 50. Rd1 Rad2 51. Rxd2 Qxd2 52. h4
Qd4 53. Kh2 Rxe5 54. Rd1 1/2-1/2

[Event "4NCL/Div2/NID-IIT2"]
[Site "Rd11-Birmingham"]
[Date "2000.05.01"]
[Round "11.7"]
[White "Sinnett, Glyn"]
[Black "Ghasi, Sumeet"]
[Result "1/2-1/2"]
[WhiteElo "1900"]
[BlackElo "1640"]
[PlyCount "35"]
[EventDate "2000.05.01"]

1. e4 c5 2. Nc3 Nc6 3. f4 g6 4. Nf3 Bg7 5. Bc4 d6 6. h3 e6 7. O-O Nge7 8. d3
O-O 9. Qe1 a6 10. a4 Rb8 11. Qh4 d5 12. Bb3 b5 13. axb5 axb5 14. f5 gxf5 15.
Bh6 f6 16. Qg3 Rf7 17. exd5 exd5 18. Rfe1 1/2-1/2

[Event "4NCL/Div2/NID-IIT2"]
[Site "Rd11-Birmingham"]
[Date "2000.05.01"]
[Round "11.8"]
[White "Houska, Mario"]
[Black "Johnston, Lowri"]
[Result "1/2-1/2"]
[WhiteElo "1560"]
[BlackElo "1413"]
[PlyCount "77"]
[EventDate "2000.05.01"]

1. e4 d5 2. exd5 Nf6 3. c4 e6 4. dxe6 Bxe6 5. Nf3 Nc6 6. Be2 Bc5 7. O-O O-O 8.
Nc3 Re8 9. a3 a5 10. Na4 Bd4 11. Nxd4 Nxd4 12. d3 Bxc4 13. dxc4 Nxe2+ 14. Kh1
Qxd1 15. Rxd1 Ng4 16. Rf1 Nxf2+ 17. Rxf2 Nc3 18. Bf4 Nxa4 19. b3 Nc5 20. Rf3
Ne6 21. Bg3 c6 22. h3 b5 23. cxb5 cxb5 24. Raf1 Ra7 25. Bf2 Rd7 26. Rf5 Rb8 27.
Rf3 Rbb7 28. Rc3 Rbc7 29. Rxc7 Rxc7 30. Bb6 Rc3 31. Bxa5 Rxb3 32. Rc1 f6 33.
Bb4 Kf7 34. Rc8 Kg6 35. Rb8 Nd4 36. Rb7 Kh6 37. Bd2+ Kg6 38. Bb4 Kh6 39. Bd2+
1/2-1/2

[Event "4NCL/Div2/BCCA-TWR"]
[Site "Rd11-Birmingham"]
[Date "2000.05.01"]
[Round "11.1"]
[White "Toothill, John"]
[Black "Townsend, Paul"]
[Result "0-1"]
[WhiteElo "2226"]
[BlackElo "2224"]
[PlyCount "64"]
[EventDate "2000.05.01"]

1. e4 g6 2. d4 Bg7 3. Nf3 d6 4. h3 Nf6 5. Bd3 O-O 6. O-O Nc6 7. Be3 e5 8. Nc3
exd4 9. Nxd4 Ng4 10. hxg4 Nxd4 11. Bc4 Nc6 12. g5 Be6 13. Bb3 Qe7 14. Nd5 Bxd5
15. exd5 Ne5 16. Re1 Qd8 17. c3 f6 18. Qd2 Ng4 19. Bd4 fxg5 20. Bxg7 Kxg7 21.
Qd4+ Ne5 22. Re4 Rf5 23. Rf1 Qf6 24. f4 Rf8 25. Qxa7 gxf4 26. Bd1 f3 27. g3 Qg5
28. Qf2 Kg8 29. Qh2 Ng4 30. Qh4 Qd2 31. Bxf3 Rxf3 32. Rxf3 Qd1+ 0-1

[Event "4NCL/Div2/BCCA-TWR"]
[Site "Rd11-Birmingham"]
[Date "2000.05.01"]
[Round "11.2"]
[White "Waters, Clive"]
[Black "Stephenson, F Norman"]
[Result "0-1"]
[WhiteElo "2158"]
[BlackElo "2221"]
[PlyCount "66"]
[EventDate "2000.05.01"]

1. d4 d5 2. Nf3 Nf6 3. c4 e6 4. Nc3 Be7 5. Bg5 h6 6. Bh4 O-O 7. e3 Ne4 8. Bxe7
Qxe7 9. Qc2 Nxc3 10. Qxc3 dxc4 11. Bxc4 b6 12. O-O Bb7 13. Be2 c5 14. dxc5 Rc8
15. Rac1 Rxc5 16. Qd4 Nc6 17. Qa4 Ra5 18. Qb3 Ne5 19. Nxe5 Rxe5 20. Rfd1 Rd8
21. f4 Red5 22. Rxd5 Bxd5 23. Qc3 Qb7 24. Kf2 Bxg2 25. Rg1 Rc8 26. Qd4 Rc2 27.
Ke1 Rc1+ 28. Bd1 Qf3 29. Kd2 Qf2+ 30. Kxc1 Qxg1 31. Qd8+ Kh7 32. Qd3+ f5 33. h4
Bf3 0-1

[Event "4NCL/Div2/BCCA-TWR"]
[Site "Rd11-Birmingham"]
[Date "2000.05.01"]
[Round "11.3"]
[White "Wise, David"]
[Black "Wooldridge, Leon"]
[Result "1-0"]
[WhiteElo "2145"]
[BlackElo "2185"]
[PlyCount "55"]
[EventDate "2000.05.01"]

1. d4 Nf6 2. c4 g6 3. Nc3 d5 4. Nf3 Bg7 5. cxd5 Nxd5 6. e4 Nxc3 7. bxc3 c5 8.
Rb1 O-O 9. Be2 Qa5 10. O-O Qxa2 11. Bg5 Nd7 12. Re1 cxd4 13. cxd4 Nb6 14. Bxe7
Re8 15. Bc5 Bd7 16. Bd3 Bh6 17. Ne5 Rxe5 18. dxe5 Be6 19. Ra1 Qb2 20. Re2 Qxe5
21. Bxb6 Rc8 22. Be3 Bxe3 23. Rxe3 a5 24. Rb1 Rc3 25. Bf1 Rxe3 26. fxe3 Qxe4
27. Qd8+ Kg7 28. Qd4+ 1-0

[Event "4NCL/Div2/BCCA-TWR"]
[Site "Rd11-Birmingham"]
[Date "2000.05.01"]
[Round "11.4"]
[White "White, Mark"]
[Black "Spence, David"]
[Result "1/2-1/2"]
[WhiteElo "2144"]
[BlackElo "2160"]
[PlyCount "71"]
[EventDate "2000.05.01"]

1. e4 e6 2. d4 d5 3. e5 c5 4. c3 Nc6 5. Nf3 Qb6 6. a3 c4 7. Be2 f6 8. exf6 Nxf6
9. Nbd2 Bd6 10. b4 O-O 11. O-O e5 12. dxe5 Nxe5 13. Nd4 a5 14. Bb2 Bd7 15. N2f3
Ng6 16. Qc2 Nf4 17. Rae1 Rae8 18. Bc1 Nxe2+ 19. Rxe2 Rxe2 20. Nxe2 Ng4 21. Ned4
Be8 22. h3 Bg6 23. Qa4 Ne5 24. Nxe5 Bxe5 25. bxa5 Qf6 26. Be3 Bd3 27. Re1 Bf4
28. Bxf4 Qxf4 29. Nf3 Be4 30. Re3 Bxf3 31. Rxf3 Qc1+ 32. Kh2 Rxf3 33. gxf3 Qf4+
34. Kg2 Qg5+ 35. Kh2 Qf4+ 36. Kg2 1/2-1/2

[Event "4NCL/Div2/BCCA-TWR"]
[Site "Rd11-Birmingham"]
[Date "2000.05.01"]
[Round "11.5"]
[White "Gough, Michael"]
[Black "Lim, Chin Lee"]
[Result "1-0"]
[WhiteElo "2135"]
[BlackElo "2081"]
[PlyCount "121"]
[EventDate "2000.05.01"]

1. d4 d5 2. Nf3 Nf6 3. c4 e6 4. Nc3 Be7 5. Bg5 Nbd7 6. e3 c6 7. Qc2 h6 8. Bh4
a6 9. cxd5 exd5 10. Bd3 O-O 11. O-O Re8 12. Rab1 Nh5 13. Bxe7 Qxe7 14. b4 Nf8
15. a4 Be6 16. Nd2 Rac8 17. Rfc1 Nd7 18. Nb3 Qg5 19. f4 Qe7 20. f5 Bxf5 21.
Bxf5 Qxe3+ 22. Qf2 Rcd8 23. Qxe3 Rxe3 24. Kf2 Ree8 25. Re1 Nhf6 26. Rxe8+ Rxe8
27. Re1 Rd8 28. Nc5 Nxc5 29. bxc5 g6 30. Bh3 Kf8 31. Rb1 Rb8 32. g3 a5 33. Bf1
Nd7 34. Bd3 Ke7 35. Kf3 Kd8 36. Kf4 Nf8 37. Ne2 Kc7 38. h4 Re8 39. g4 Ne6+ 40.
Kf3 Rh8 41. Kg3 Re8 42. Rf1 Re7 43. Rf3 b6 44. cxb6+ Kxb6 45. Re3 g5 46. Bf5 c5
47. hxg5 hxg5 48. Kf2 Kc6 49. Bxe6 Rxe6 50. Rf3 Re4 51. Rf6+ Kd7 52. dxc5 Rxg4
53. Rd6+ Kc7 54. Nc3 Rc4 55. Nb5+ Kc8 56. c6 Rxa4 57. Rd7 Ra2+ 58. Ke3 Rc2 59.
Nd6+ Kb8 60. Rb7+ Ka8 61. c7 1-0

[Event "4NCL/Div2/BCCA-TWR"]
[Site "Rd11-Birmingham"]
[Date "2000.05.01"]
[Round "11.6"]
[White "Nichols, Sam"]
[Black "Savory, Richard"]
[Result "1/2-1/2"]
[WhiteElo "1816"]
[BlackElo "2100"]
[PlyCount "94"]
[EventDate "2000.05.01"]

1. Nc3 d5 2. e4 dxe4 3. Nxe4 e6 4. d4 Be7 5. Nf3 Nf6 6. Bd3 O-O 7. O-O h6 8. c3
Nbd7 9. Qe2 b6 10. Re1 Bb7 11. Bd2 c5 12. Rad1 Qc7 13. dxc5 Nxc5 14. Nxc5 Bxc5
15. Be3 Bxe3 16. fxe3 Ng4 17. h3 Nf6 18. e4 Nh5 19. Qf2 Rad8 20. Bc2 Rxd1 21.
Rxd1 Rd8 22. Rxd8+ Qxd8 23. Qd4 Qc7 24. e5 Bd5 25. Kf2 g6 26. a4 Qc4 27. Qxc4
Bxc4 28. b3 Bd5 29. b4 Nf4 30. h4 Kf8 31. g3 Nh5 32. Bd3 Ng7 33. Nd4 Nf5 34.
Nxf5 exf5 35. Ke3 Ke7 36. Kd4 Ke6 37. c4 Bc6 38. b5 Bb7 39. Bc2 f6 40. exf6
Kxf6 41. c5 bxc5+ 42. Kxc5 g5 43. hxg5+ hxg5 44. Kd4 Ke6 45. Bb3+ Kd6 46. Bc2
f4 47. gxf4 gxf4 1/2-1/2